Pâques - Décodeur - Statistiques

Statistiques générales
  • Ce quiz a été pris 76 fois
  • Le résultat moyen est 12 sur 23
Statistiques - réponses
Groupes Indices Réponse % Correct
Indices A Pâques se fête le plus souvent lors de ce mois de l'année. Avril
100%
Indices D Pâques est toujours célébrée ce jour de la semaine. Dimanche
95%
Indices L Animal cachant des cadeaux le jour de Pâques. Lapin | Lièvre
91%
Indices O On les chasse à Pâques. Œufs
91%
Indices S Nom de la semaine précédant Pâques. Semaine {sainte}
91%
Indices C Temps liturgique de 40 jours qui se termine à Pâques. Carême
85%
Indices C On en mange beaucoup à Pâques. Chocolat
85%
Indices E Pâques en anglais. Easter
82%
Indices S Ce que sont les moaï de l'île de Pâques. Statues
82%
Indices A Fête célébrée le quarantième jour à partir de Pâques. Ascension
66%
Indices A Animal immolé lors de la pâque juive ayant inspiré une pâtisserie alsacienne mangée à Pâques. Agneau
55%
Indices R Où les cloches partent lors du Jeudi saint, avant de revenir à Pâques. Rome
52%
Indices H À Pâques, le corps du Christ devient ce pain sans levain consommé lors de l'Eucharistie. Hostie
46%
Citation "Pas de bras, pas de chocolat."
40%
Indices P Fête du judaïsme qui correspond à Pâques. Pessa'h
40%
Indices T Avec le lys, fleur (de la même famille) symbolisant Pâques. Tulipe
38%
Indices A Élément orné de nombreuses décorations à Pâques en Allemagne mais aussi en Alsace-Lorraine. {Arbre} de Pâques
23%
Indices O Poète latin donnant l'origine étymologique de la pâquerette, la fleur de Pâques. Ovide
22%
Indices D Confiserie dont Verdun est la spécialiste qui est l'élément le plus consommé à Pâques au Portugal. Dragée
15%
Indices S Ville de naissance du joaillier Pierre-Karl Fabergé, connu pour ses œufs de Pâques. Saint-Pétersbourg
15%
Indices E Élément traditionnellement récupéré par les enfants à l'aube de Pâques au Québec. {Eau} de Pâques
12%
Indices P Brioche parfumée à la fleur d'oranger venant de Romans-sur-Isère et servie à Pâques. Pogne
12%
Indices B Gâteau polonais servi traditionnellement à Pâques. Babka
8%
Aucun quiz correspondant
Distribution des résultats
% des personnes avec chaque résultat
Percentile par nombre de réponses
Votre historique - résultats
Vous n’avez pas pris ce quiz